00843 2200277 4500001002100000005001700021008004100038020002200079035002500101082001100126090001800137100001900155245016600174250001500340260002700355300002100382500002900403500001100432650002300443700002800466850000900494990001700503999001500520999001500535999001500550YOGYA-0209000007286820150701132808.0 ind  a978-979-1486-05-7 a0010-020900000072868 a681.76 a681.76bTah K aTAHID, Suwarno akonsep teknologi dalam pengembangan produk industribPendekatan kolaboratifpada konsep teknologi dan desain produk industricSuwarno Tahid,Yunia Dwie Nurcahyanie aEd.1 Cet.1 aJakartabKencanac2007 axv,205 hlmbilus aBibliografi: hlm.197-199 aIndeks aTeknologi industri aNurcahyanie, Yunia Dwie aBPAD a0678-PK/A.09 a08P0001629 a08P0001630 a08P0001631